MARC details
| 000 -CABECERA |
| campo de control de longitud fija |
02546nam a2200277 a 4500 |
| 001 - NÚMERO DE CONTROL |
| campo de control |
000003229 |
| 005 - FECHA Y HORA DE LA ÚLTIMA TRANSACCIÓN |
| campo de control |
20211025102912.0 |
| 008 - DATOS DE LONGITUD FIJA--INFORMACIÓN GENERAL |
| campo de control de longitud fija |
090707s2004 dr ad 001 0 spa d |
| 040 ## - FUENTE DE LA CATALOGACIÓN |
| Centro catalogador/agencia de origen |
DO-SdBNP |
| Lengua de catalogación |
spa |
| Centro/agencia transcriptor |
BNPHU |
| 082 ## - NÚMERO DE LA CLASIFICACIÓN DECIMAL DEWEY |
| Número de clasificación |
621.312134097293 |
| Número de documento/Ítem |
R696p |
| 100 1# - ENTRADA PRINCIPAL--NOMBRE DE PERSONA |
| Nombre de persona |
Rodríguez Taveras, Ramón Isidro |
| 9 (RLIN) |
10182 |
| 245 10 - MENCIÓN DE TÍTULO |
| Título |
Presas y centrales hidroélectricas en República Dominicana / |
| Mención de responsabilidad, etc. |
Ramón Isidro Rodríguez Taveras ; presentación César Sánchez Torres ; prólogo Máximo D'Oleo Ramírez. |
| 260 ## - PUBLICACIÓN, DISTRIBUCIÓN, ETC. |
| Lugar de publicación, distribución, etc. |
Santo Domingo : |
| Nombre del editor, distribuidor, etc. |
CDEEE, |
| Fecha de publicación, distribución, etc. |
2004. |
| 300 ## - DESCRIPCIÓN FÍSICA |
| Extensión |
422 p. : |
| Otras características físicas |
il., diagr. ; |
| Dimensiones |
29 cm. |
| 505 1# - NOTA DE CONTENIDO CON FORMATO |
| Nota de contenido con formato |
Prólogo -- Introducción -- Capítulo 1. Datos generales de República Dominicana -- Capítulo 2. Complejos hidroelcétricos para usos múltiples -- Complejo Tavera-Bao-López-Angostura -- Complejo Nizao: Jiguey-Aguacate-Valdesia-Las Barías -- Capítulo 3. Presas de emsamble para usos múltiples -- Presa de Hatillo -- Presa de Rincón -- Presa Monción -- Presa de Sabaneta-- Presa de Sabana Yegua -- Capítulo 4. Medianas y pequeñas presas para riego (en operación) -- Presa de Chacuey -- Presa de Maguaca -- Presa Cabeza de Caballo -- Presa de Guanajuma -- Presa de Mijo -- Capítulo 5. Presas para producir solamente energía eléctrica -- Hidroeléctrica de Río Blanco -- Central las Damas -- Jimenoa -- Hidroeléctrica el Salto en Constanza -- Hidroeléctrica de Baiguaque -- Minicentral Aniana Vargas en el Río Yuboa -- Capítulo 6. Centrales hidroeléctricas cuya fuente de abastecimiento son canales de riego -- Los Toros -- Mini-Central Nizao Najayo -- Mini-Central Los Anones --Capítulo 7. Presas de embalse en proceso de estudio --Capítulo 8. La energía hidráulica en República Dominicana. Medianos y pequeños proyectos hidroeléctricos en proceso de estudio -- La energía hidráulica en República Dominicana -- Medianos y pequeños proyectos hidroeléctricos en proceso de estudio --Bibliografía. |
| 590 ## - NOTA LOCAL (RLIN) |
| Nota local |
Inventariado,2018/DG |
| 650 #4 - PUNTO DE ACCESO ADICIONAL DE MATERIA--TÉRMINO DE MATERIA |
| Término de materia o nombre geográfico como elemento de entrada |
Centrales hidroeléctricas |
| Subdivisión geográfica |
República Dominicana |
| 9 (RLIN) |
10183 |
| 650 #4 - PUNTO DE ACCESO ADICIONAL DE MATERIA--TÉRMINO DE MATERIA |
| Término de materia o nombre geográfico como elemento de entrada |
Presas |
| Subdivisión geográfica |
República Dominicana |
| 9 (RLIN) |
10184 |
| 650 #4 - PUNTO DE ACCESO ADICIONAL DE MATERIA--TÉRMINO DE MATERIA |
| Término de materia o nombre geográfico como elemento de entrada |
Energía hidráulica |
| Subdivisión geográfica |
República Dominicana |
| 9 (RLIN) |
10185 |
| 700 1# - PUNTO DE ACCESO ADICIONAL--NOMBRE DE PERSONA |
| Nombre de persona |
D'Oleo Ramírez, Máximo, |
| Término indicativo de función/relación |
pról. |
| 9 (RLIN) |
10186 |
| 700 1# - PUNTO DE ACCESO ADICIONAL--NOMBRE DE PERSONA |
| Nombre de persona |
Sánchez Torres , César |
| 9 (RLIN) |
10187 |
| 710 2# - PUNTO DE ACCESO ADICIONAL--NOMBRE DE ENTIDAD CORPORATIVA |
| Nombre de entidad corporativa o nombre de jurisdicción como elemento de entrada |
Corporación Dominicana de Empresas Eléctricas Estatales |
| 9 (RLIN) |
10188 |
| 710 2# - PUNTO DE ACCESO ADICIONAL--NOMBRE DE ENTIDAD CORPORATIVA |
| Nombre de entidad corporativa o nombre de jurisdicción como elemento de entrada |
Empresa de Generación hidroeléctrica Dominicana |
| 9 (RLIN) |
10189 |
| 710 2# - PUNTO DE ACCESO ADICIONAL--NOMBRE DE ENTIDAD CORPORATIVA |
| Nombre de entidad corporativa o nombre de jurisdicción como elemento de entrada |
Instituto Nacional de Recursos Hidráulicos (República Dominicana) |
| 9 (RLIN) |
6366 |
| 910 ## - DATOS DE OPCIÓN DEL USUARIO (OCLC) |
| Datos de opción del usuario |
Validado. Control de calidad BNPHU |